Medzinárodné účtovné štandardy pre verejný sektor - základ harmonizácie účtovníctva subjektov verejného sektora

Informácia o zámeroch a cieľoch dizeratačnej práce, obhajoba ktorej sa konala 18. júna 2010.

Enregistré dans:
Détails bibliographiques
Auteur principal: Kršeková, Marianna
Format: Chapitre de livre
Langue:slovaque
Sujets:
Tags: Ajouter un tag
Pas de tags, Soyez le premier à ajouter un tag!

MARC

LEADER 00000naa a2200000 4500
001 0126550
005 20240502072437.4
041 0 |a slo 
044 |a SK 
245 1 0 |a Medzinárodné účtovné štandardy pre verejný sektor - základ harmonizácie účtovníctva subjektov verejného sektora  |c Marianna Kršeková 
520 |a Informácia o zámeroch a cieľoch dizeratačnej práce, obhajoba ktorej sa konala 18. júna 2010. 
610 2 0 |a práce kvalifikačné 
610 2 0 |a štandardy účtovné medzinárodné 
610 2 0 |a sektor verejný 
100 1 |a Kršeková, Marianna